My fathers' ghost is climbing in the rain /

A young writer returns to his native Argentina to uncover a mystery surrounding his dying father's obsession with the disappearance of a local man, which he ties to the country's dark political past and his family's underground resistance activities.

Bibliographic Details
Main Author: Pron, Patricio, 1975-
Other Authors: Lethem, Mara (Translator)
Format: Book
Language:English
Published: New York : Alfred A. Knopf, 2013.
Edition:1st American ed.
Subjects:

MARC

Tag First Indicator Second Indicator Subfields
LEADER 00000cam a2200000 a 4500
001 in00003284302
005 20151205114432.0
008 130125s2013 nyu 000 1 eng
010 |a  2012049209 
019 |a 843223247 
020 |a 9780307700681 (hbk.) 
020 |a 0307700682 (hbk.) 
029 1 |a AU@  |b 000050451483 
035 |a (OCoLC)ocn809029602 
035 |a (OCoLC)809029602 
040 |a DLC  |b eng  |c DLC  |d IG#  |d BTCTA  |d YDXCP  |d BDX  |d OCLCO  |d JAG  |d VP@  |d OCLCQ  |d CDX  |d LEB  |d UtOrBLW 
041 1 |a eng  |h spa 
043 |a s-ag--- 
049 |a TXAM 
050 0 0 |a PQ7798.26.R58  |b E8713 2013 
082 0 0 |a 863/.64  |2 23 
100 1 |a Pron, Patricio,  |d 1975- 
240 1 0 |a Espíritu de mis padres sigue subiendo en la lluvia.  |l English 
245 1 0 |a My fathers' ghost is climbing in the rain /  |c Patricio Pron ; translated from the Spanish by Mara Faye Lethem. 
250 |a 1st American ed. 
264 1 |a New York :  |b Alfred A. Knopf,  |c 2013. 
300 |a 212 pages ;  |c 22 cm 
336 |a text  |b txt  |2 rdacontent 
337 |a unmediated  |b n  |2 rdamedia 
338 |a volume  |b nc  |2 rdacarrier 
500 |a Translation, from the Spanish, of El espíritu de mis padres sigue subiendo en la lluvia. 
500 |a Originally published: Barcelona : Random House Mondadori, S.A., 2011. 
520 |a A young writer returns to his native Argentina to uncover a mystery surrounding his dying father's obsession with the disappearance of a local man, which he ties to the country's dark political past and his family's underground resistance activities. 
650 0 |a Fathers and sons  |z Argentina  |v Fiction. 
651 0 |a Argentina  |x History  |y Dirty War, 1976-1983  |v Fiction. 
700 1 |a Lethem, Mara,  |e translator. 
938 |a Ingram  |b INGR  |n 9780307700681 
938 |a Baker and Taylor  |b BTCP  |n BK0012032140 
938 |a YBP Library Services  |b YANK  |n 9622251 
938 |a Brodart  |b BROD  |n 103254544 
938 |a Coutts Information Services  |b COUT  |n 23342798 
947 |a A14835891108 
945 |a PromptCat  |b 361526 
946 |a stk 
994 |a 92  |b TXA 
948 |a Cataloged  |b h  |c 2013/6/12  |d c  |e EGrant 
999 |a MARS 
999 f f |s dcf0b0f1-ff31-3c80-bf61-d1c6a66f42ce  |i ab35fa71-1bc6-33e1-905b-556f715721b9  |t 0 
952 f f |p normal  |a Texas A&M University  |b College Station  |c Sterling C. Evans Library  |d Evans: Library Stacks  |t 0  |e PQ7798.26.R58 E8713 2013  |h Library of Congress classification  |i unmediated -- volume  |m A14835891108 
998 f f |a PQ7798.26.R58 E8713 2013  |t 0  |l Evans: Library Stacks